LIBRARY & INFORMATION CENTRE, KCAET, TAVANUR

ONLINE PUBLIC ACCESS CATALOGUE (OPAC)

Gathering of Fugitives / (Record no. 874)

MARC details
000 -LEADER
fixed length control field 00387cam a2200157ua 4500
041 ## - LANGUAGE CODE
Language code of text/sound track or separate title eng
082 ## - DEWEY DECIMAL CLASSIFICATION NUMBER
Classification number 828.09
Item number TRI/GA
100 ## - MAIN ENTRY--AUTHOR NAME
Personal name Trilling, Lionel .
245 ## - TITLE STATEMENT
Title Gathering of Fugitives /
260 ## - PUBLICATION, DISTRIBUTION, ETC. (IMPRINT)
Place of publication London :
Name of publisher Secker & Warburg ,
Year of publication 1957.
300 ## - PHYSICAL DESCRIPTION
Number of Pages 167 ; .
942 ## - ADDED ENTRY ELEMENTS (KOHA)
Koha item type Books
Holdings
Withdrawn status Lost status Damaged status Home library Current library Date acquired Cost, normal purchase price Full call number Accession Number Koha item type
Withdrawn     KAUAET KAUAET 07/04/2012 18.00 828.09 6784 Books
Withdrawn     KAUAET Malayalam University 07/04/2012   828.09 11842 Books
free website counter